| 000 | 00551nam a2200217Ia 4500 | ||
|---|---|---|---|
| 003 | OSt | ||
| 005 | 20230410143802.0 | ||
| 008 | 210423s2006 xx 000 0 und d | ||
| 020 | _a9788181285195 | ||
| 040 | _cAL | ||
| 041 | _aeng | ||
| 082 | _a511.322 ZIMH | ||
| 100 |
_aZIMMERMANN (H J). _985415 |
||
| 245 | _aFuzzy set theory and its applications. | ||
| 250 | _a4 | ||
| 260 |
_aNew York _bSpringer Verlag _c2006 |
||
| 300 |
_axxv,514 _bPB |
||
| 365 |
_b495 _cINR |
||
| 906 | _aapplications. ; Fuzzy ; its ; set ; theory | ||
| 942 |
_2ddc _cBK |
||
| 999 |
_c158358 _d158358 |
||